| 000 | 00534nam a2200169 i 4500 | ||
|---|---|---|---|
| 001 | 27854 | ||
| 003 | ES-MaACL | ||
| 005 | 20250929063058.0 | ||
| 007 | t| | ||
| 008 | 030115s1949 sp ||||1| spa d | ||
| 100 | 0 |
_aAzkue, Resurrección María de _924296 |
|
| 245 | 1 | 0 |
_aEstudio comparativo entre el vascuence y varias lenguas cultas / _cpor Resurrección María de Azkue. |
| 260 |
_aBilbao : _bNoticiario Bilbaino, _c1949. |
||
| 300 |
_a78 p. ; _c22 cm. |
||
| 852 |
_aES-MaACL _jC-56592 _bR.89236 |
||
| 999 |
_c27854 _d27854 |
||